01912nam a2200325 c 450000100060000000300100000600500170001600700030003300800410003602000180007704000350009504100080013008200210013810000390015924501300019825000220032826400400035030000170039033600270040733700330043433800280046750507820049552100410127754500650131858600630138365000420144665000310148870000300151970000370154958574CO-BoRNBP20250826220607.0ta180109s2016 ck er 000 0 spa d a9789588931159 aCO-BoRNBPbspaerdacCO-BoRNBP0 aspa04a305.42bA42g2231 aAleksievich, Svetlana,d1948-eaut13aLa guerra no tiene rostro de mujer /cSvetlana Alexiévich ; traducido por Yulia Dobrovolskaia y Zahara García González. aSegunda edición 1aBogotá, Colombia :bDebate,c2016 a65 páginas atextobtxt2rdacontent asin mediaciónbn2rdamedia avolumenbnc2rdacarrier2 a1. La persona es más que la guerra -- 2. No quiero recordar -- 3. Deberais crecer, niñas...estais muy verdes aún -- 4. Yo fui la única que regresé con mi madre -- 5. En nuestra casa viven dos guerras -- 6. El auricular no dispara -- 7. Nos condecoraban con unas medallas pequeñas -- 8. No era yo -- 9. Recuerdo aquellos ojos -- 10. Nosotras nos disparamos -- 11. Se necesitaban soldados...pero nosotras lo que queríamos era estar guapas -- 12. Señoritas ¿saben ustedes que la esperanza de vida de un jefe de la sección de zapadores es de dos meses? --13. Una mirada, una sola -- 14. Y la patata de primavera es diminuta -- 15. Mamá, ¿cómo es papá? -- 16. Se puso la mano allí, en el corazón -- 17. De repente sentí un irresistible deseo de vivir aRecomendado para un público adulto aIncluye datos biográficos de la autora al inicio del texto aAutora galardonada con el Premio Nobel de Literatura, 201507aGuerra mundial ii, 1939 -- 19452lemb07aMujeres en la guerra2lemb aDobrovolskaia, Yuliaetrl aGarcía González, Zaharaetrl